| 000 | 01312nam a22003377a 4500 | ||
|---|---|---|---|
| 001 | 1066 | ||
| 005 | 20250826143705.0 | ||
| 020 |
_a0876147279 : _c$9.95 |
||
| 040 |
_aDLC _cDLC _dDLC _beng |
||
| 050 | 0 | 0 |
_aQH31.C33 _bR36 1993 |
| 082 | 0 | 0 |
_a574/.092 _aB _220 |
| 100 | 1 |
_aRansom, Candice F., _d1952- |
|
| 245 | 1 | 0 |
_aListening to crickets : _ba story about Rachel Carson / _cby Candice F. Ransom ; illustrations by Shelly O. Haas. |
| 260 |
_aNew York : _bScholastic, _c1993. |
||
| 300 |
_a64 pages : _billustrations ; _c22 cm |
||
| 500 | _aSpine title: Rachel Carson--listening to crickets. | ||
| 505 | _aZ' | ||
| 520 | _aExamines the life of the marine biologist and science writer whose book "Silent Spring" changed the way we look at pesticides. | ||
| 521 |
_a930
_bLexile |
||
| 521 |
_aZ'
_bRaz-Plus |
||
| 650 | 0 |
_aMarine biologists _zUnited States _xBiography _xJuvenile literature. |
|
| 650 | 0 |
_aEnvironmentalists _zUnited States _xBiography _xJuvenile literature. |
|
| 650 | 0 |
_aScience writers _zUnited States _xBiography _xJuvenile literature. |
|
| 650 | 1 | _aEnvironmentalists. | |
| 650 | 1 | _aBiologists. | |
| 650 | 1 | _aScience writers. | |
| 650 | 1 |
_aWomen _xBiography. |
|
| 700 | 1 |
_aHaas, Shelly O., _eillustrator. |
|
| 906 |
_a7 _bcbc _corignew _d1 _eocip _f19 _gy-gencatlg |
||
| 942 |
_2ddc _cBK _n0 |
||
| 999 |
_c1066 _d1066 |
||